Database management system / (Record no. 74524)

MARC details
000 -LEADER
fixed length control field 00686nam a22002177a 4500
005 - DATE AND TIME OF LATEST TRANSACTION
control field 20130415115946.0
008 - FIXED-LENGTH DATA ELEMENTS--GENERAL INFORMATION
fixed length control field 130415b xxu||||| |||| 00| 0 eng d
010 ## - LCCN (DPL NO)
LC control number ENG-106844
020 ## - INTERNATIONAL STANDARD BOOK NUMBER
International Standard Book Number 9788120346741
Terms of availability 250.00
035 ## - SYSTEM CONTROL NUMBER
System control number EN-90377
037 ## - SOURCE OF ACQUISITION
Source of stock number/acquisition DBAD/PUB
040 ## - CATALOGING SOURCE
Original cataloging agency DPL
Language of cataloging Eng
082 ## - DEWEY DECIMAL CLASSIFICATION NUMBER
Classification number 005.74
100 ## - MAIN ENTRY--PERSONAL NAME
Personal name Pakhira, Malay K.
245 ## - TITLE STATEMENT
Title Database management system /
Statement of responsibility, etc by Malay K. Pakhira
260 ## - PUBLICATION, DISTRIBUTION, ETC. (IMPRINT)
Place of publication, distribution, etc Delhi
Name of publisher, distributor, etc PHI Learning
Date of publication, distribution, etc 2013
270 ## - ADDRESS
Address Rimjhim House, 111, Patparganj Industrial Estate
City Delhi
Postal code 110092
300 ## - PHYSICAL DESCRIPTION
Extent ix,261p. :
Dimensions 24cm(pbk)
Other physical details ill.
500 ## - GENERAL NOTE
General note Includes bibliographical references and index
942 ## - ADDED ENTRY ELEMENTS (KOHA)
Source of classification or shelving scheme Dewey Decimal Classification
Item type English Books
Classification part 005.74
Call number suffix PAK
Holdings
Withdrawn status Lost status Source of classification or shelving scheme Damaged status Not for loan Collection code Home library Current library Date acquired Source of acquisition Cost, normal purchase price Total Checkouts Full call number Barcode Date last seen Copy number Cost, replacement price Koha item type
    Dewey Decimal Classification   Not For Loan Non-fiction D.B.Act.Division D.B.Act.Division 15/04/2013 DBAD/PUB 250.00   005.74 PAK EN-90377 15/04/2013 1 250.00 English Books

© Delhi Public Library
Hit Counter
free hit counter